Yes..... or No? Click Quiz Roblox (1 min) - Statistics

General Stats
  • This quiz has been taken 481 times
  • The average score is 6 of 9
Answer Stats
Hint Answer % Correct
Roblox has a video on YouTube. Yes
93%
The Roblox has a game in it. Yes
91%
Canada's flag back has been here in Roblox. Yes
82%
Countries are so many FLAGS in Roblox. Yes
80%
The logo of roblox is too bad. Yes
77%
The update on Roblox has getting worse. Yes
75%
Roblox has not created an India's hat flag. Yes
56%
Roblox update has getting more great. No
51%
The logo of roblox is too good. No
44%
No matching quizzes found
Score Distribution
Percent of People with Each Score
Percentile by Number Answered
Your Score History
You have not taken this quiz